000
00329nam a22001457a 4500
008
221122b ||||| |||| 00| 0 eng d
020
_a
2740324795876
041
_a
eng
080
_2
15EDITION
_a
159.9
082
_a
159.9MAY
100
_a
25
101
_a
PSI
245
_a
VOICE AND ARTICULATION
_c
MAYER V L
942
_2
udc
_c
BK
999
_c
58999
_d
58999